[Event "Bayern-ch"]
[Site "Rosenheim"]
[Date "2015.08.26"]
[Round "7"]
[White "Prediger, Rupert"]
[Black "Koerber, Aljoscha"]
[Result "1-0"]
[WhiteElo "2279"]
[BlackElo "1940"]
[PlyCount "99"]
[EventDate "2015.08.22"]
[EventType "swiss"]
[EventRounds "9"]
[EventCountry "GER"]
[SourceTitle "EXT 2019"]
[Source "ChessBase"]
[SourceDate "2018.10.10"]
[SourceVersion "1"]
[SourceVersionDate "2018.10.10"]
[SourceQuality "1"]

1. e4 c5 2. Nf3 d6 3. d4 cxd4 4. Nxd4 Nf6 5. Nc3 a6 6. Bc4 e6 7. Bb3 Nbd7 8. 0-0 Nc5 9. Qe2 Qc7 10. Rd1 Be7 11. Bg5 h6 12. Bh4 0-0 13. Bg3 e5 14. Nf5 Bxf5 15. exf5 Nxb3 16. axb3 Rfc8 17. Bh4 b5 18. Bxf6 Bxf6 19. Qg4 Kf8 20. Rd2 Bg5 21. Re2 Qc6 22. Rd1 a5 23. h4 Be7 24. Nd5 a4 25. b4 a3 26. bxa3 Rxa3 27. Nxe7 Kxe7 28. Qxg7 Qc4 29. Red2 Rd8 30. Qxh6 Qg4 31. Qg5+ Qxg5 32. hxg5 Rc3 33. g6 fxg6 34. fxg6 Rc4 35. g7 Rg4 36. Rd5 Rxg7 37. Rxb5 Rg4 38. c3 Rc8 39. Rd3 Rc6 40. Ra5 Rgc4 41. Ra3 Ke6 42. f3 d5 43. Kf2 e4 44. fxe4 Rxe4 45. b5 Rb6 46. Ra6 Rxa6 47. bxa6 Ra4 48. Rh3 Ke5 49. Ke3 Rxa6 50. Rh5+ 1-0